<?xml version="1.0" encoding="UTF-8"?>
<record
    xmlns:xsi="http://www.w3.org/2001/XMLSchema-instance"
    xsi:schemaLocation="http://www.loc.gov/MARC21/slim http://www.loc.gov/standards/marcxml/schema/MARC21slim.xsd"
    xmlns="http://www.loc.gov/MARC21/slim">

  <leader>00672nam a22002177a 4500</leader>
  <controlfield tag="003">UA-OsUOA</controlfield>
  <controlfield tag="001"> 73573 </controlfield>
  <controlfield tag="007">ta</controlfield>
  <controlfield tag="008">20110310b un ||||| |||| 00| 0 ukr d</controlfield>
  <datafield tag="100" ind1=" " ind2=" ">
    <subfield code="a">&#x428;&#x43F;&#x430;&#x43A; &#x412;.</subfield>
  </datafield>
  <datafield tag="090" ind1=" " ind2=" ">
    <subfield code="a">82</subfield>
    <subfield code="b">&#x428;83</subfield>
  </datafield>
  <datafield tag="942" ind1=" " ind2=" ">
    <subfield code="c">SA</subfield>
  </datafield>
  <datafield tag="040" ind1=" " ind2=" ">
    <subfield code="a">UA-OsUOA</subfield>
    <subfield code="b">ukr</subfield>
    <subfield code="c">UA-OsUOA</subfield>
    <subfield code="d">UA-OsUOA</subfield>
  </datafield>
  <datafield tag="245" ind1=" " ind2=" ">
    <subfield code="a">&#x411;&#x456;&#x43B;&#x44C; &#x437;&#x430; &#x440;&#x456;&#x434;&#x43D;&#x438;&#x445;, &#x431;&#x456;&#x43B;&#x44C; &#x437;&#x430; &#x423;&#x43A;&#x440;&#x430;&#x457;&#x43D;&#x443;... &#x417;&#x432;&#x456;&#x43B;&#x44C;&#x43D;&#x438;&#x432;&#x448;&#x438; &#x437; &#x43A;&#x440;&#x456;&#x43F;&#x430;&#x446;&#x442;&#x432;&#x430; &#x431;&#x440;&#x430;&#x442;&#x456;&#x432; &#x456; &#x441;&#x435;&#x441;&#x442;&#x440;&#x443; &#x431;&#x443;&#x43B;&#x43E; &#x437;&#x430;&#x43F;&#x43E;&#x432;&#x456;&#x442;&#x43D;&#x43E;&#x44E; &#x43C;&#x440;&#x456;&#x454;&#x44E; &#x41A;&#x43E;&#x431;&#x437;&#x430;&#x440;&#x44F;</subfield>
  </datafield>
  <datafield tag="300" ind1=" " ind2=" ">
    <subfield code="a">&#x421;.13</subfield>
  </datafield>
  <datafield tag="955" ind1=" " ind2=" ">
    <subfield code="a">0</subfield>
  </datafield>
  <datafield tag="041" ind1=" " ind2=" ">
    <subfield code="a">ukr</subfield>
  </datafield>
  <datafield tag="080" ind1=" " ind2=" ">
    <subfield code="a">82</subfield>
  </datafield>
  <datafield tag="773" ind1="0" ind2=" ">
    <subfield code="w">73571</subfield>
  </datafield>
  <datafield tag="650" ind1=" " ind2="7">
    <subfield code="a">82 &#x41B;&#x456;&#x442;&#x435;&#x440;&#x430;&#x442;&#x443;&#x440;&#x430;. &#x41B;&#x456;&#x442;&#x435;&#x440;&#x430;&#x442;&#x443;&#x440;&#x43E;&#x437;&#x43D;&#x430;&#x432;&#x441;&#x442;&#x432;&#x43E;</subfield>
    <subfield code="2">UDC</subfield>
  </datafield>
  <datafield tag="999" ind1=" " ind2=" ">
    <subfield code="c">359856</subfield>
    <subfield code="d">359856</subfield>
  </datafield>
</record>
